Chiến thuật đồng đội trong bóng đá
Đã lưu trong:
| Andre forfattere: | |
|---|---|
| Format: | Bog |
| Sprog: | Vietnamese |
| Udgivet: |
H.
Thể dục thể thao
1986
|
| Fag: | |
| Tags: |
Tilføj Tag
Ingen Tags, Vær først til at tagge denne postø!
|
| Thư viện lưu trữ: | Mạng thư viện Đại học Đà Nẵng |
|---|
| LEADER | 00990nam a2200301 4500 | ||
|---|---|---|---|
| 001 | 000013995 | ||
| 003 | 10347 | ||
| 005 | 20120328070340.0 | ||
| 008 | 120328s1986 viesd | ||
| 020 | |c 9đ | ||
| 041 | 0 | |a vie | |
| 082 | |a 796.077 |b CHI | ||
| 245 | 0 | |a Chiến thuật đồng đội trong bóng đá |c Đặng Bảo Ngọc(Dịch) | |
| 260 | |a H. |b Thể dục thể thao |c 1986 | ||
| 300 | |a 157 tr. |c 19 cm | ||
| 653 | |a Chiến thuật đồng đội | ||
| 653 | |a Bóng đá | ||
| 700 | |a Đặng Bảo Ngọc |e Dịch | ||
| OWN | |a LSP | ||
| AVA | |a UDN50 |b LSP |d 796.077 CHI |e available |t Error 5001 Not defined in file expand_doc_bib_avail. |f 2 |g 0 |h N |i 0 |k 1 | ||
| 999 | |a From the UDN01 | ||
| AVA | |a UDN50 |b LSP |d 796.077 CHI |e available |t Error 5001 Not defined in file expand_doc_bib_avail. |f 2 |g 0 |h N |i 0 |k 1 | ||
| TYP | |a Monograph | ||
| TYP | |a Printed language | ||
| 980 | |a Mạng thư viện Đại học Đà Nẵng | ||